| 000 | 00568cam a2200193 4500 | ||
|---|---|---|---|
| 001 | D15233 | ||
| 008 | 090401t1980 xxu||||| |||| 00| 0 eng d | ||
| 035 | _a(Sirsi) u21322 | ||
| 041 | _aeng | ||
| 050 | _a333.3350285 | ||
| 110 |
_aRoyal Institution of Chartered Surveyors _94900 |
||
| 245 | _aComputers or chaos: one day conference at RICS, Wednesday 20 February 1980 | ||
| 260 |
_bRICS _c1980 |
||
| 350 | _a0 | ||
| 520 | _a5 synopses of papers catalogued separately. | ||
| 710 |
_aLand Agency and Agriculture Division _9773 |
||
| 942 | _n0 | ||
| 948 | _c04/03/1997 | ||
| 999 |
_c87953 _d87953 |
||